Góc Phố Tập truyện ngắn
Zapisane w:
| 1. autor: | |
|---|---|
| Format: | Książka |
| Język: | Undetermined |
| Wydane: |
H.
Trẻ
2019
|
| Hasła przedmiotowe: | |
| Dostęp online: | http://lrc.tdmu.edu.vn/opac/search/detail.asp?aID=2&ID=40657 |
| Etykiety: |
Dodaj etykietę
Nie ma etykietki, Dołącz pierwszą etykiete!
|
| Thư viện lưu trữ: | Trung tâm Học liệu Trường Đại học Thủ Dầu Một |
|---|
| LEADER | 00647nam a2200205Ia 4500 | ||
|---|---|---|---|
| 001 | TDMU_40657 | ||
| 008 | 210410s9999 xx 000 0 und d | ||
| 082 | |a 895.735 | ||
| 090 | |b M103 | ||
| 100 | |a Mai Hương | ||
| 245 | 0 | |a Góc Phố | |
| 245 | 0 | |b Tập truyện ngắn | |
| 245 | 0 | |c Mai Hương | |
| 260 | |a H. | ||
| 260 | |b Trẻ | ||
| 260 | |c 2019 | ||
| 300 | |a 247tr. | ||
| 650 | |a Văn học hiện đại |v Truyện ngắn |z Việt Nam; Truyện ngắn Việt Nam | ||
| 856 | |u http://lrc.tdmu.edu.vn/opac/search/detail.asp?aID=2&ID=40657 | ||
| 980 | |a Trung tâm Học liệu Trường Đại học Thủ Dầu Một | ||